000 00593nam a2200169 4500
001 118799
003 ES-MaACL
005 20230906191200.0
007 t|
008 070214s1958 cu r ||||1| spa d
100 1 _aPérez Cabrera, José Manuel.
_990691
245 1 3 _aUn héroe del 24 de febrero , el General Saturnino Lora y Torres
_b: discurso /
_cJosé Manuel Pérez Cabrera.
260 _aLa Habana :
_bEl Siglo XX,
_c1958.
300 _a66 p. :
_b`Retr. biografiado` ;
_c24 cm.
500 _aPrecede al tit. : Academia de la Historia de Cuba.
852 _aES-MaACL
_jC-17682
_bR.45351
999 _c118799
_d118799